Conferencia celebrada el día 21 de febrero de 1890 en el Centro Mercantil, Industrial y Agrícola de Zaragoza (Record no. 150859)
[ view plain ]
| 000 -LEADER | |
|---|---|
| campo de control de longitud fija | 00790nam a2200169 i 4500 |
| 001 - NÚMERO DE CONTROL | |
| campo de control | 150859 |
| 003 - IDENTIFICADOR DE NÚMERO DE CONTROL | |
| campo de control | ES-MaACL |
| 007 - CAMPO FIJO DE DESCRIPCIÓN FÍSICA--INFORMACIÓN GENERAL | |
| campo de control de longitud fija | t| |
| 008 - DATOS DE LONGITUD FIJA--INFORMACIÓN GENERAL | |
| campo de control de longitud fija | 071115s1890 sp ||||1| spa d |
| 100 1# - ENTRADA PRINCIPAL--NOMBRE DE PERSONA | |
| Nombre de persona | Castellano, Tomás. |
| 9 (RLIN) | 36511 |
| 245 10 - MENCIÓN DEL TÍTULO | |
| Título | Conferencia celebrada el día 21 de febrero de 1890 en el Centro Mercantil, Industrial y Agrícola de Zaragoza |
| Resto del título | : tema : armonía de las fuentes de riqueza ante la protección del Estado / |
| Mención de responsabilidad, etc. | discurso pronunciado por Tomás Castellano. |
| 260 ## - PUBLICACIÓN, DISTRIBUCIÓN, ETC. | |
| Lugar de publicación, distribución, etc. | Zaragoza : |
| Nombre del editor, distribuidor, etc. | [s.n., |
| Fecha de publicación, distribución, etc. | 1890?] ( |
| Fabricante | Zacarias Rodríguez) |
| 300 ## - DESCRIPCIÓN FÍSICA | |
| Extensión | 16 p. ; |
| Dimensiones | 31 cm. |
| 500 ## - NOTA GENERAL | |
| Nota general | En port. consta "Suplemento á el Diario de Zaragoza, correspondiente al dia 28 de Febrero de 1890" |
| 710 2# - ENTRADA AGREGADA--NOMBRE DE ENTIDAD CORPORATIVA | |
| Nombre de entidad corporativa o nombre de jurisdicción como elemento de entrada | Centro Mercantil, Industrial y Agrícola de Zaragoza. |
| 9 (RLIN) | 2759 |
| 852 ## - LOCALIZACIÓN | |
| Ubicación | ES-MaACL |
| Número de control de estantería | T-501-F-2 |
| Estatus retirado | Estado de pérdida | Estado de daño | No para préstamo | Colección | Biblioteca de origen | Biblioteca actual | Ubicación en estantería | Fecha de adquisición | Fuente de adquisición | Total de préstamos | Signatura topográfica completa | Código de barras | Visto por última vez | Precio de reemplazo | Tipo de ítem Koha |
|---|---|---|---|---|---|---|---|---|---|---|---|---|---|---|---|
| Colección de folletos | Biblioteca del Ateneo de Madrid | Biblioteca del Ateneo de Madrid | Depósito folletos | 17/01/2008 | T-501-F-2 | 1157416 | 23/02/2023 | 23/02/2023 | Folleto |
